[Event "Oslo op2"]
[Site "Oslo"]
[Date "2005.04.12"]
[Round "6"]
[White "Loucky, Peter"]
[Black "Briseid, Hakon"]
[Result "1-0"]
[WhiteElo "1329"]
[BlackElo "1403"]
[PlyCount "109"]
[EventDate "2005.02.15"]
[EventType "swiss"]
[EventRounds "9"]
[EventCountry "NOR"]
[SourceTitle "EXT 2007"]
[Source "ChessBase"]
[SourceDate "2006.11.23"]
[SourceVersion "1"]
[SourceVersionDate "2006.11.23"]
[SourceQuality "1"]

1. e4 c5 2. Nf3 Nc6 3. d4 cxd4 4. Nxd4 Nf6 5. Nc3 e5 6. Nxc6 bxc6 7. Bd3 Bb4 8. Bd2 0-0 9. 0-0 Re8 10. a3 Ba5 11. b4 Bc7 12. Bg5 h6 13. Bh4 g5 14. Bg3 d5 15. f3 Nh5 16. Ne2 Kh8 17. Qd2 Nf4 18. Qc3 Re6 19. Bxf4 gxf4 20. Nxf4 Rf6 21. Nh5 Bb6+ 22. Kh1 Bd4 23. Qd2 Rg6 24. c3 Bb6 25. Qe2 Qh4 26. exd5 Qxh5 27. Bxg6 fxg6 28. dxc6 a5 29. Rfe1 axb4 30. cxb4 Bd4 31. Rad1 Ba6 32. Qe4 Bc3 33. Re3 Bd4 34. Rxd4 exd4 35. Qxd4+ Kg8 36. Re5 g5 37. c7 Qf7 38. Qd8+ Qf8 39. Rd5 Ra7 40. c8Q Bxc8 41. Qxf8+ Kxf8 42. Rd8+ Kg7 43. Rxc8 Rxa3 44. h3 Rb3 45. Rc4 h5 46. Kh2 h4 47. f4 Kf6 48. fxg5+ Kxg5 49. Rg4+ Kh5 50. Kg1 Re3 51. Kf2 Re5 52. Kf3 Re1 53. Kf4 Re7 54. Kf5 Re3 55. Rg8 1-0